NFL Head Coaches with Best Winning Percentages - Statistics

General Stats
  • This quiz has been taken 447 times
    116 since last reset
  • The average score is 16 of 25
Answer Stats
Win Percentage Teams Coach % Correct
.759 Raiders John Madden
89%
.640 Eagles, Chiefs Andy Reid
88%
.614 Ravens John Harbaugh
86%
.628 Steelers Mike Tomlin
86%
.647 Browns, Patriots Bill Belichick
85%
.630 Saints, Broncos Sean Payton
80%
.738 Packers, Commanders Vince Lombardi
77%
.617 Rams Sean McVay
73%
.623 Steelers Bill Cowher
71%
.608 Packers, Cowboys Mike McCarthy
71%
.677 Colts, Dolphins Don Shula
69%
.668 Buccaneers, Colts Tony Dungy
68%
.609 49ers Bill Walsh
67%
.624 Browns, Bengals Paul Brown
60%
.662 Bills Sean McDermott
59%
.607 Cowboys Tom Landry
59%
.624 Cardinals, Buccaneers Bruce Arians
57%
.682 Bears George Halas
57%
.621 Commanders Joe Gibbs
52%
.621 Vikings Bud Grant
44%
.648 49ers, Panthers George Seifert
40%
.613 Browns, Chiefs, Commanders, Chargers Marty Schottenheimer
39%
.632 Packers, Cardinals, Commanders Curly Lambeau
38%
.712 Rams, Commanders George Allen
20%
.605 Giants Steve Owen
17%
No matching quizzes found
Score Distribution
Percent of People with Each Score
Percentile by Number Answered
Your Score History
You have not taken this quiz since the last reset